Ajuntaments de Catalunya : fitxer general 1989 fitxer general 1989
Descripción Física:
449 p. ; 24 cm
MARC
| LEADER | 00000nam a2200000Ia 4500 | ||
|---|---|---|---|
| 001 | 8778 | ||
| 008 | 160829s1989 xx 000 0 cat d | ||
| 080 | |a M-3-69 | ||
| 245 | |a Ajuntaments de Catalunya : |b fitxer general 1989 | ||
| 260 | |a Barcelona : |b Federació de Municipis de Catalunya, |c 1989 | ||
| 300 | |a 449 p. ; |c 24 cm | ||
| 590 | |a Amb la col·laboració de: Direcció General d'Administració Local de la Generalitat de Catalunya, Diputació de Barcelona. | ||
| 650 | |a Municipis |x Govern i administració |x Catalunya |x Directoris |9 24982 | ||
| 710 | 1 | |a Catalunya. |b Direcció General d'Administració Local |9 53065 | |
| 710 | 1 | |a Barcelona (Catalunya : Província). |b Diputació |9 52408 | |
| 710 | |a Federació de Municipis de Catalunya |9 52168 | ||
| 901 | |a Arxiu | ||
| 942 | |n 1 | ||
| 952 | |0 0 |1 0 |4 0 |6 M369 |7 1 |9 46922 |a Arxiu |b Arxiu |d 2016-12-01 |l 0 |o M-3-69 |p 8778 |r 2016-12-01 00:00:00 |w 2016-12-01 |y ARXIU | ||
| 999 | |c 50715 |d 50715 | ||